000 00596cam a2200181 4500500
005 20260405004047.0
041 _afre
042 _adc
100 1 0 _aHytte, Naomi
_eauthor
245 0 0 _aDominique Bourg / Peter Singer : l’écologie en pratique
260 _c2020.
500 _a41
690 _aAvion
690 _aViande
690 _aVoiture
786 0 _nPhilosophie magazine - Hors séries | Hors-série Été 2020 | HS46 | 2020-07-01 | p. 19-20 | 2104-9246
856 4 1 _uhttps://shs.cairn.info/magazine-philosophie-magazine-2020-hs46-page-19?lang=fr&redirect-ssocas=7080
999 _c2073332
_d2073332